书目信息 |
| 题名: |
配电线路设计施工、运行与维护
|
|
| 作者: | 李光辉 , 黄俊杰 编 | |
| 分册: | ||
| 出版信息: | 北京 中国电力出版社 2007.08 |
|
| 页数: | 229页 | |
| 开本: | 26cm | |
| 丛书名: | ||
| 单 册: | ||
| 中图分类: | TM726 | |
| 科图分类: | ||
| 主题词: | 配电线路--pei dian xian lu--高等教育--教材 | |
| 电子资源: | ||
| ISBN: | 978-7-5083-5949-6 | |
| 000 | 01024nam0 2200253 450 | |
| 001 | 012008536889 | |
| 005 | 20200904093529.89 | |
| 010 | @a978-7-5083-5949-6@dCNY23.60 | |
| 100 | @a20080605d2007 em y0chiy0120 ea | |
| 101 | 0 | @achi |
| 102 | @aCN@b110000 | |
| 105 | @aa a 000yy | |
| 200 | 1 | @a配电线路设计施工、运行与维护@Apei dian xian lu she ji shi gong、yun xing yu wei hu@f李光辉, 黄俊杰编@Fli guang hui,huang jun jie bian |
| 210 | @a北京@c中国电力出版社@d2007.08 | |
| 215 | @a229页@c图@d26cm | |
| 300 | @a普通高等教育“十一五”规划教材 | |
| 320 | @a有书目 (第229页) | |
| 330 | @a本书主要介绍了配电网络及配电线路构成、配电网络设计、配电网络计算、配电线路设备、配电线路设计、配电线路(含电缆线路和地埋)施工、配电线路运行与维护、配电线路及配电所保护、防雷与接地和配电线路管理等内容。 | |
| 606 | 0 | @a配电线路@Apei dian xian lu@x高等教育@j教材 |
| 690 | @aTM726@v4 | |
| 701 | 0 | @a李光辉@Ali guang hui@4编 |
| 701 | 0 | @a黄俊杰@Ahuang jun jie@4编 |
| 801 | 0 | @aCN@bQSSK@c20080605 |
| 905 | @b724833-35@dTM726@eL162@f3 | |
| 配电线路设计施工、运行与维护/李光辉, 黄俊杰编.-北京:中国电力出版社,2007.08 |
| 229页:图;26cm |
| 普通高等教育“十一五”规划教材 |
| ISBN 978-7-5083-5949-6:CNY23.60 |
| 本书主要介绍了配电网络及配电线路构成、配电网络设计、配电网络计算、配电线路设备、配电线路设计、配电线路(含电缆线路和地埋)施工、配电线路运行与维护、配电线路及配电所保护、防雷与接地和配电线路管理等内容。 |
| ● |
| 相关链接 |
|
|
|
正题名:配电线路设计施工、运行与维护
索取号:TM726/L162
 
预约/预借
| 序号 | 登录号 | 条形码 | 馆藏地/架位号 | 状态 | 备注 |
| 1 | 1234865 | 212348654 | 自科库301/301自科库 18排1列1层/ [索取号:TM726/L162] | 在馆 | |
| 2 | 724833 | 207248334 | 期刊室512/301自科库 12排3列2层/ [索取号:TM726/L162] | 在馆 | |
| 3 | 724834 | 207248343 | 期刊室512/301自科库 12排3列2层/ [索取号:TM726/L162] | 在馆 | |
| 4 | 724835 | 207248352 | 自科库301/301自科库 18排1列1层/ [索取号:TM726/L162] | 在馆 |